00736nam a22002057a 450000500170000001000150001702000260003203500130005803700130007110000170008424500630010126000410016427000900020530000360029550000190033170000170035094200170036799900170038495201290040120140324120745.0 aENG-109613 c290.00a9788189941819 aEN-93146 bDBAD/PUB aMeyyan, R.P. aGenetics and evolution /cby R.P. Meyyan [and] N. Arumugam bSaras Publicationc2011aKanyakumari bKanyakumarie629002a114/35G, A. R. P. Camp Road, Periavilai, Kottar P. O., Nagercoil avarious pagesc20cm(pbk)  aIncludes index aArumugam, N. 2ddccENmMEY c83152d83152 001040718NFICaDBADbDBADd2014-03-24eDBAD/PUBg290.00l0oMEYpEN-93146r2014-03-24 00:00:00t1v290.00w2014-03-24yEN